000 00712cam a22001934a 4500
005 20250605164226.0
008 250528s ||||||||||||||||||||||||d
035 _a20874
020 _a9789602252314
040 _aGR-AtMCL
_bgre
_dGR-AtMCL
_eAACR2
245 1 _aΟ Νικόλας και η Κική / Οι αιμοσφαιρούληδες / Παιδικά ατυχήματα...των γονιών προβλήματα! / Οι Ήρωες μιας ιστορίας για την αγωγή υγείας
260 _bΕ.Ρώσση,
_c2010
300 _a36
700 1 _aΛαζαρίνη Ακριβή
_96259
700 1 _aΣπύρου Ελισάβετ
_96855
942 _cBK
999 _c5955
_d5955